000 01405nam a2200265 a 4500
001 BRCA_8777
005 20190320210415.0
008 040417s1670----sp-#######---#000-0#spa-#
041 _aspa
044 _asp
084 _aBE144
_b.C37 1670
245 1 0 _aCartas de Santa Teresa de Iesvs
_bmadre y fundadora de la Reforma de la orden de nuestra Señora del Carmen, de la Primitiua Observancia
_ccon notas del Padre Fray Pedro de la Anunciación, lector de teología de los Carmelitas Descalzos de Pamplona; recogidos por orden del Reverendísimo Padre Fray Diego de la Presentación, General que fue de los Carmelitas Descalzos de la Primitiva Observancia.
260 _aMadrid
_bPo Bernardo de Villa-Diego, impresor de el Rey nuestro señor
_c1670
300 _a[8], [35], 433 p. (t.2)
_c21 x 1 4 cm.
500 _aCon privilegio
500 _aEn portada: dedicadas al serenissimo señor, el señor Don Iuan de Austria
500 _aEstado físico: presenta encuadernación en pergamino, con cintas rotas, algunas hojas manchadas y presencia del pez de plata
600 1 4 _aTeresa de Jesús, Santa
_d1515 - 1582
_vCorrespondencia
_921872
700 1 _aTeresa de Jesús, Santa
_d1515 - -1582
_921873
700 1 _aAnunciación, Pedro de la
_cFray
_921874
700 1 _aPresentación, Diego de la
_cFray
_921875
700 1 _aVilla-Diego, Bernardo de
_eImpresor
_921876
902 _aCFM
942 _2lcc
_cB
999 _c8428
_d8428